[Event "Tatry op"]
[Site "Tatranske Zruby"]
[Date "2018.09.30"]
[Round "1"]
[White "Hursky, Karel P"]
[Black "Petran, Peter"]
[Result "1-0"]
[WhiteElo "2051"]
[BlackElo "2270"]
[PlyCount "87"]
[EventDate "2018.09.30"]
[EventType "swiss"]
[EventRounds "9"]
[EventCountry "SVK"]
[SourceTitle "CBM 186 Extra"]
[Source "ChessBase"]
[SourceDate "2018.08.24"]
[SourceVersion "1"]
[SourceVersionDate "2018.08.24"]
[SourceQuality "1"]

1. Nf3 g6 2. e4 Bg7 3. d4 d6 4. Bd3 Nf6 5. h3 0-0 6. Be3 Nbd7 7. Nbd2 e5 8. dxe5 dxe5 9. 0-0 Qe7 10. Nc4 b6 11. Qd2 Bb7 12. Bg5 Rfe8 13. Rfe1 Rad8 14. b4 Qf8 15. Qc3 h6 16. Bc1 Nh5 17. Bb2 Qe7 18. Qb3 a6 19. Rad1 Rb8 20. g3 Kh7 21. Kg2 f6 22. Ne3 Nf8 23. Nd5 Bxd5 24. exd5 b5 25. Nd4 Qd7 26. Nc6 Rb6 27. c4 Ne6 28. c5 Nef4+ 29. gxf4 Nxf4+ 30. Kg1 Nxh3+ 31. Kh2 Ng5 32. Bf1 Qg4 33. Bg2 e4 34. Re3 f5 35. Bxg7 f4 36. Rh3 Kxg7 37. cxb6 f3 38. Rg3 Qh5+ 39. Bh3 e3 40. fxe3 f2 41. Rf1 Nf3+ 42. Rxf3 Qxf3 43. Qb2+ Kh7 44. Qxf2 1-0

[Event "RB-2014-0-00241"]
[Site "LSS email"]
[Date "2014.02.14"]
[Round "?"]
[White "Hursky, Karel P"]
[Black "Hoehne, Volkmar"]
[Result "1/2-1/2"]
[WhiteElo "1803"]
[BlackElo "1850"]
[PlyCount "61"]
[EventDate "2014.01.06"]
[EventType "tourn (corr)"]
[EventRounds "6"]
[EventCountry "GER"]
[SourceTitle "Telechess CBM 167"]
[Source "ChessBase"]
[SourceDate "2015.07.13"]
[SourceVersion "1"]
[SourceVersionDate "2015.07.13"]
[SourceQuality "1"]

1. d4 Nf6 2. c4 g6 3. Nc3 d5 4. Nf3 Bg7 5. Bf4 0-0 6. e3 c5 7. dxc5 Qa5 8. Rc1 dxc4 9. Bxc4 Qxc5 10. Bb3 Qa5 11. 0-0 Nc6 12. h3 Bf5 13. Qe2 Ne4 14. g4 Nxc3 15. bxc3 Bd7 16. Rfd1 Rad8 17. Rd5 Qa3 18. Rcd1 Be6 19. Rxd8 Nxd8 20. Qb5 Bxc3 21. Bh6 Bg7 22. Bxg7 Kxg7 23. Qe5+ Kg8 24. Qc7 Bxb3 25. axb3 Ne6 26. Qxb7 Rd8 27. Rxd8+ Nxd8 28. Qa8 Qc1+ 29. Kg2 Qc7 30. b4 Kg7 31. Qd5 1/2-1/2

[Event "RB-2014-0-00241"]
[Site "LSS email"]
[Date "2014.02.13"]
[Round "?"]
[White "Hlavacek, Ladislav"]
[Black "Hursky, Karel P"]
[Result "1-0"]
[WhiteElo "1760"]
[BlackElo "1803"]
[PlyCount "91"]
[EventDate "2014.01.06"]
[EventType "tourn (corr)"]
[EventRounds "6"]
[EventCountry "GER"]
[SourceTitle "Telechess CBM 167"]
[Source "ChessBase"]
[SourceDate "2015.07.13"]
[SourceVersion "1"]
[SourceVersionDate "2015.07.13"]
[SourceQuality "1"]

1. Nf3 Nf6 2. d4 e6 3. Bf4 b6 4. e3 Bb7 5. Bd3 Be7 6. h3 Ne4 7. 0-0 0-0 8. Nbd2 f5 9. a4 a5 10. c3 d6 11. Qb3 d5 12. Rad1 c5 13. Be2 c4 14. Qc2 Nd7 15. Nxe4 fxe4 16. Nd2 Bg5 17. Bh2 Ba6 18. Qb1 Qc8 19. b3 Qc6 20. Qb2 Be7 21. Rb1 Kh8 22. bxc4 Qxa4 23. Bf4 Ra7 24. Ra1 Qc6 25. Bd1 Bxc4 26. Nxc4 Qxc4 27. Ba4 Qc8 28. Rfc1 Qd8 29. Rab1 h6 30. Rc2 Kh7 31. c4 Bb4 32. cxd5 exd5 33. Qa2 Nf6 34. Be5 Raf7 35. Rbc1 Ng8 36. Rc8 Qh4 37. Rxf8 Rxf8 38. Rc7 Nf6 39. Bd7 Be1 40. Be6 Ne8 41. Rc2 Nf6 42. Bd6 Rd8 43. Rc6 Ne8 44. Be5 Nf6 45. Rxb6 Kh8 46. Rb7 1-0

[Event "RB-2014-0-00241"]
[Site "LSS email"]
[Date "2014.02.11"]
[Round "?"]
[White "Hursky, Karel P"]
[Black "Willmann, Bernd"]
[Result "0-1"]
[WhiteElo "1803"]
[BlackElo "2053"]
[PlyCount "46"]
[EventDate "2014.01.06"]
[EventType "tourn (corr)"]
[EventRounds "6"]
[EventCountry "GER"]
[SourceTitle "Telechess CBM 167"]
[Source "ChessBase"]
[SourceDate "2015.07.13"]
[SourceVersion "1"]
[SourceVersionDate "2015.07.13"]
[SourceQuality "1"]

1. d4 Nf6 2. c4 e6 3. g3 c5 4. Nf3 cxd4 5. Nxd4 Qc7 6. Nd2 Bc5 7. N2b3 0-0 8. Nxc5 Qxc5 9. e3 e5 10. Nb3 Qc6 11. Rg1 d5 12. cxd5 Nxd5 13. Bd2 Rd8 14. Rc1 Qd6 15. Qc2 Na6 16. a3 Bg4 17. Qd3 Qf6 18. e4 Nb6 19. Qe3 Na4 20. h3 Be6 21. Na5 N6c5 22. b3 Rd4 23. f3 Rad8 0-1

[Event "RB-2013-0-00226"]
[Site "LSS email"]
[Date "2013.11.06"]
[Round "?"]
[White "Hursky, Karel P"]
[Black "Markoja, Johann"]
[Result "1/2-1/2"]
[WhiteElo "1830"]
[BlackElo "1919"]
[PlyCount "78"]
[EventDate "2013.10.05"]
[EventType "tourn (corr)"]
[EventRounds "6"]
[EventCountry "GER"]
[SourceTitle "Telechess CBM 163"]
[Source "ChessBase"]
[SourceDate "2014.11.11"]
[SourceVersion "2"]
[SourceVersionDate "2014.11.11"]
[SourceQuality "1"]

1. e4 c5 2. Nf3 Nc6 3. Bb5 d6 4. 0-0 Bd7 5. Re1 Nf6 6. c3 a6 7. Bf1 Bg4 8. h3 Bxf3 9. Qxf3 g6 10. d3 Bg7 11. Be3 0-0 12. Qd1 e6 13. Nd2 Rc8 14. Rc1 Re8 15. f4 b5 16. Nf3 Bh6 17. g4 Bg7 18. Bg2 Qa5 19. a3 Qc7 20. Qe2 a5 21. Nh4 a4 22. d4 d5 23. e5 Nd7 24. Qxb5 Nb6 25. Qe2 Nc4 26. Nf3 cxd4 27. cxd4 N6a5 28. Bf2 Qd7 29. Red1 Bh6 30. g5 Bg7 31. Rc2 Nb3 32. Be1 h5 33. gxh6 Bxh6 34. Ng5 Rc6 35. Qd3 Kg7 36. Bf1 Qa7 37. Kh2 Rh8 38. Bb4 Kg8 39. Rg2 Bxg5 1/2-1/2

[Event "RB-2013-0-00226"]
[Site "LSS email"]
[Date "2013.11.06"]
[Round "?"]
[White "Hursky, Karel P"]
[Black "Sorcinelli, Andrea"]
[Result "1/2-1/2"]
[WhiteElo "1830"]
[BlackElo "2025"]
[PlyCount "45"]
[EventDate "2013.10.05"]
[EventType "tourn (corr)"]
[EventRounds "6"]
[EventCountry "GER"]
[SourceTitle "Telechess CBM 163"]
[Source "ChessBase"]
[SourceDate "2014.11.11"]
[SourceVersion "2"]
[SourceVersionDate "2014.11.11"]
[SourceQuality "1"]

1. e4 c5 2. Nf3 d6 3. Bb5+ Bd7 4. Bxd7+ Qxd7 5. c4 Nc6 6. Nc3 g6 7. d4 cxd4 8. Nxd4 Bg7 9. Be3 Nf6 10. f3 0-0 11. 0-0 a6 12. a4 e6 13. Nde2 Qc7 14. Rb1 Nd7 15. b3 Rac8 16. Kh1 Nc5 17. Bf4 Be5 18. Bh6 Rfe8 19. f4 Bf6 20. Rf3 Qa5 21. Qd2 Bh8 22. f5 Qd8 23. Bg5 1/2-1/2

[Event "RB-2013-0-00226"]
[Site "LSS email"]
[Date "2013.11.06"]
[Round "?"]
[White "Hursky, Karel P"]
[Black "Willmann, Bernd"]
[Result "0-1"]
[WhiteElo "1830"]
[BlackElo "1965"]
[PlyCount "92"]
[EventDate "2013.10.05"]
[EventType "tourn (corr)"]
[EventRounds "6"]
[EventCountry "GER"]
[SourceTitle "Telechess CBM 163"]
[Source "ChessBase"]
[SourceDate "2014.11.11"]
[SourceVersion "2"]
[SourceVersionDate "2014.11.11"]
[SourceQuality "1"]

1. e4 c5 2. Nf3 d6 3. Bb5+ Bd7 4. Bxd7+ Qxd7 5. 0-0 Nc6 6. c3 Nf6 7. Re1 e6 8. d3 h6 9. Nbd2 Be7 10. Nf1 0-0 11. Ng3 Rac8 12. Bf4 b5 13. Rc1 Qb7 14. Qe2 Rfd8 15. d4 d5 16. e5 Nd7 17. Nh5 b4 18. Be3 bxc3 19. bxc3 cxd4 20. cxd4 Qb4 21. Red1 Qa3 22. Rb1 Rb8 23. h3 Rxb1 24. Rxb1 Rb8 25. Rxb8+ Ncxb8 26. Nh2 Nc6 27. Ng4 Qb4 28. Kh2 Qb1 29. f3 Bd8 30. Qa6 Ndb8 31. Qe2 Ne7 32. Qd2 Nf5 33. Ng3 Nxg3 34. Kxg3 Nc6 35. Qc3 Ne7 36. a3 Qh1 37. Kf2 h5 38. Nf6+ gxf6 39. exf6 Nf5 40. Qc8 Nh4 41. Qxd8+ Kh7 42. Qc7 Qxg2+ 43. Ke1 Kg6 44. Qf4 Nxf3+ 45. Kd1 Qf1+ 46. Kc2 Ne1+ 0-1

[Event "RB-2013-0-00226"]
[Site "LSS email"]
[Date "2013.11.06"]
[Round "?"]
[White "Pavlicek, Miroslav"]
[Black "Hursky, Karel P"]
[Result "1-0"]
[WhiteElo "1926"]
[BlackElo "1830"]
[PlyCount "75"]
[EventDate "2013.10.05"]
[EventType "tourn (corr)"]
[EventRounds "6"]
[EventCountry "GER"]
[SourceTitle "Telechess CBM 163"]
[Source "ChessBase"]
[SourceDate "2014.11.11"]
[SourceVersion "2"]
[SourceVersionDate "2014.11.11"]
[SourceQuality "1"]

1. e4 c6 2. d4 d5 3. exd5 cxd5 4. c4 Nf6 5. Nc3 e6 6. Bg5 Be7 7. Nf3 h6 8. Bf4 0-0 9. c5 Nc6 10. Bb5 Bd7 11. 0-0 Ne4 12. Re1 g5 13. Bg3 Nxg3 14. hxg3 Bf6 15. Bxc6 Bxc6 16. b4 Bg7 17. b5 Be8 18. Rb1 Qf6 19. g4 Qg6 20. Ne5 Qh7 21. Rb3 Bxe5 22. Rxe5 Bd7 23. a4 Rfb8 24. a5 Qg7 25. Qd3 Qf6 26. Re3 Qg7 27. Re1 Qf6 28. Ra1 Qf4 29. a6 bxa6 30. g3 Qc7 31. Rxa6 Be8 32. Qe2 Qb7 33. Qa2 Kg7 34. c6 Qc8 35. Rba3 Qc7 36. Rxa7 Rxa7 37. Rxa7 Qb6 38. Ra8 1-0

[Event "RB-2013-0-00224"]
[Site "LSS email"]
[Date "2013.10.23"]
[Round "?"]
[White "Hursky, Karel P"]
[Black "Figura, Atila Gajo"]
[Result "1/2-1/2"]
[WhiteElo "1837"]
[BlackElo "1933"]
[PlyCount "37"]
[EventDate "2013.09.21"]
[EventType "tourn (corr)"]
[EventRounds "6"]
[EventCountry "GER"]
[SourceTitle "Telechess CBM 167"]
[Source "ChessBase"]
[SourceDate "2015.07.13"]
[SourceVersion "1"]
[SourceVersionDate "2015.07.13"]
[SourceQuality "1"]

1. e4 e5 2. Nf3 Nc6 3. Bc4 Bc5 4. c3 Nf6 5. d3 a6 6. Bb3 d6 7. Nbd2 0-0 8. 0-0 h6 9. Re1 Re8 10. h3 Ba7 11. Nf1 Be6 12. Be3 Bxe3 13. Nxe3 Qd7 14. Bxe6 Qxe6 15. c4 Ne7 16. Nd5 Nexd5 17. cxd5 Qd7 18. Rc1 Rac8 19. d4 1/2-1/2

[Event "Australian op"]
[Site "Cammeray"]
[Date "2013.01.13"]
[Round "11"]
[White "Drew, Phillip"]
[Black "Hursky, Karel P"]
[Result "1/2-1/2"]
[WhiteElo "1889"]
[BlackElo "2075"]
[PlyCount "29"]
[EventDate "2013.01.02"]
[EventType "swiss"]
[EventRounds "11"]
[EventCountry "AUS"]
[SourceTitle "CBM 152 Extra"]
[Source "ChessBase"]
[SourceDate "2013.02.25"]
[SourceVersion "1"]
[SourceVersionDate "2013.02.25"]
[SourceQuality "1"]

1. d4 f5 2. Nf3 Nf6 3. g3 g6 4. Bg2 Bg7 5. 0-0 d6 6. b3 0-0 7. Bb2 Qe8 8. c4 Nbd7 9. Nc3 c6 10. Qc2 Rb8 11. e4 fxe4 12. Nxe4 Nxe4 13. Qxe4 Nf6 14. Qe2 Bg4 15. h3 1/2-1/2

[Event "Australian op"]
[Site "Cammeray"]
[Date "2013.01.02"]
[Round "1"]
[White "Visser, Johan"]
[Black "Hursky, Karel P"]
[Result "1/2-1/2"]
[WhiteElo "1773"]
[BlackElo "2075"]
[PlyCount "80"]
[EventDate "2013.01.02"]
[EventType "swiss"]
[EventRounds "11"]
[EventCountry "AUS"]
[SourceTitle "CBM 152 Extra"]
[Source "ChessBase"]
[SourceDate "2013.02.25"]
[SourceVersion "1"]
[SourceVersionDate "2013.02.25"]
[SourceQuality "1"]

1. e4 Nf6 2. e5 Nd5 3. d4 d6 4. Nf3 dxe5 5. Nxe5 Nd7 6. f4 Nxe5 7. fxe5 Bf5 8. Bd3 Bxd3 9. Qxd3 e6 10. Bd2 Nb4 11. Bxb4 Bxb4+ 12. Nc3 Bxc3+ 13. Qxc3 Qh4+ 14. g3 Qe4+ 15. Kf2 0-0-0 16. Rad1 h5 17. Qd3 Qc6 18. Rhe1 h4 19. g4 Rh6 20. Qe4 Qb6 21. h3 f5 22. gxf5 Rf8 23. Re3 Rxf5+ 24. Rf3 Rhh5 25. Kg2 Rxf3 26. Qxf3 Rf5 27. Qc3 Qa6 28. Rd3 Rg5+ 29. Kf3 Qxa2 30. Qa3 Qd5+ 31. Ke3 Rg3+ 32. Kd2 Qg2+ 33. Kc1 Qf1+ 34. Kd2 Qf4+ 35. Kc3 a6 36. Qe7 Rxd3+ 37. Kxd3 Qf5+ 38. Kd2 Qf2+ 39. Kd3 Qf5+ 40. Kd2 Qf2+ 1/2-1/2

[Event "RB-2012-0-00194"]
[Site "LSS email"]
[Date "2012.11.23"]
[Round "?"]
[White "Herzog, Klaus"]
[Black "Hursky, Karel P"]
[Result "1-0"]
[WhiteElo "1911"]
[BlackElo "1943"]
[PlyCount "53"]
[EventDate "2012.08.30"]
[EventType "tourn (corr)"]
[EventRounds "6"]
[EventCountry "GER"]
[SourceTitle "Telechess CBM 159"]
[Source "ChessBase"]
[SourceDate "2014.03.17"]
[SourceVersion "1"]
[SourceVersionDate "2014.03.17"]
[SourceQuality "1"]

1. d4 d5 2. c4 dxc4 3. e4 Nf6 4. e5 Nd5 5. Bxc4 Nb6 6. Bb3 Nc6 7. Ne2 Bf5 8. Nbc3 e6 9. 0-0 Be7 10. Be3 0-0 11. Ng3 Bg6 12. f4 Na5 13. d5 Nxb3 14. Qxb3 Bd3 15. Bxb6 Bxf1 16. d6 Bxd6 17. Bf2 Ba6 18. Rd1 Qh4 19. exd6 cxd6 20. Qb4 d5 21. Nf5 Qh5 22. Ne7+ Kh8 23. Re1 Qh6 24. Bxa7 Rfd8 25. Bd4 Rd7 26. Re3 Rxe7 27. Rh3 1-0

[Event "RB-2012-0-00194"]
[Site "LSS email"]
[Date "2012.11.23"]
[Round "?"]
[White "Hursky, Karel P"]
[Black "Bartsch, Christian"]
[Result "1/2-1/2"]
[WhiteElo "1943"]
[BlackElo "1873"]
[PlyCount "50"]
[EventDate "2012.08.30"]
[EventType "tourn (corr)"]
[EventRounds "6"]
[EventCountry "GER"]
[SourceTitle "Telechess CBM 159"]
[Source "ChessBase"]
[SourceDate "2014.03.17"]
[SourceVersion "1"]
[SourceVersionDate "2014.03.17"]
[SourceQuality "1"]

1. e4 e5 2. Nc3 Nf6 3. f4 d5 4. fxe5 Nxe4 5. Nf3 Bc5 6. d4 Bb4 7. Bd2 c5 8. Bb5+ Nc6 9. 0-0 0-0 10. Be1 Bg4 11. Bxc6 bxc6 12. Qd3 Bxc3 13. bxc3 Qb6 14. Bd2 h6 15. h3 Bf5 16. Nh4 Be6 17. a4 c4 18. Qe3 Rfb8 19. a5 Qb2 20. Rfc1 Rb5 21. g4 a6 22. Nf5 Bxf5 23. gxf5 Rab8 24. Kh2 Kf8 25. h4 Re8 1/2-1/2

[Event "RB-2012-0-00194"]
[Site "LSS email"]
[Date "2012.11.23"]
[Round "?"]
[White "Hursky, Karel P"]
[Black "Panov, Sergey Ivanovich"]
[Result "1/2-1/2"]
[WhiteElo "1943"]
[BlackElo "2099"]
[PlyCount "37"]
[EventDate "2012.08.30"]
[EventType "tourn (corr)"]
[EventRounds "6"]
[EventCountry "GER"]
[SourceTitle "Corr 2015"]
[Source "ChessBase"]
[SourceDate "2015.07.17"]
[SourceVersion "1"]
[SourceVersionDate "2015.07.17"]
[SourceQuality "1"]

1. e4 c5 2. Nf3 Nc6 3. c3 Nf6 4. e5 Nd5 5. d4 cxd4 6. Bc4 Nb6 7. Bb3 d5 8. exd6 Qxd6 9. Na3 dxc3 10. Qxd6 exd6 11. Nb5 Rb8 12. bxc3 a6 13. Be3 axb5 14. Bxb6 Be6 15. 0-0 Kd7 16. Rfe1 Be7 17. Nd4 Nxd4 18. Bxd4 Bf6 19. Bxf6 1/2-1/2

[Event "RB-2012-0-00194"]
[Site "LSS email"]
[Date "2012.11.23"]
[Round "?"]
[White "Owens, Johnny"]
[Black "Hursky, Karel P"]
[Result "1/2-1/2"]
[WhiteElo "1901"]
[BlackElo "1943"]
[PlyCount "97"]
[EventDate "2012.08.30"]
[EventType "tourn (corr)"]
[EventRounds "6"]
[EventCountry "GER"]
[SourceTitle "Telechess CBM 159"]
[Source "ChessBase"]
[SourceDate "2014.03.17"]
[SourceVersion "1"]
[SourceVersionDate "2014.03.17"]
[SourceQuality "1"]

1. Nf3 d5 2. c4 dxc4 3. Nc3 c5 4. e4 Nc6 5. Bxc4 a6 6. Bd5 Nb4 7. d4 e6 8. Bb3 cxd4 9. Nxd4 e5 10. Qh5 Qe7 11. Nf5 Qf6 12. Qe2 Bxf5 13. exf5 Qxf5 14. 0-0 Nc6 15. Qc4 Rc8 16. Be3 b5 17. Qe2 Nf6 18. Rac1 Bb4 19. Nxb5 0-0 20. a3 axb5 21. Qxb5 Qe4 22. axb4 Qxb4 23. Qxb4 Nxb4 24. Rxc8 Rxc8 25. Rd1 Kf8 26. f3 h6 27. Bd2 Nc6 28. Ba4 Nd5 29. Bxc6 Rxc6 30. Bxh6 gxh6 31. Rxd5 Rc1+ 32. Kf2 Rc2+ 33. Kg3 Rxb2 34. Rxe5 Kg7 35. h4 Ra2 36. Kh3 Rb2 37. g4 Rb1 38. Kg3 Kf6 39. Rd5 Rg1+ 40. Kf4 Rh1 41. Rd6+ Kg7 42. h5 Rh3 43. Ke4 Rg3 44. Rd5 Rg1 45. Kf5 Rh1 46. Rb5 Rf1 47. f4 Rh1 48. Rb6 Rh2 49. Rc6 1/2-1/2

[Event "LSS RA-2009-0-00078"]
[Site "LSS email"]
[Date "2010.01.31"]
[Round "?"]
[White "Chukanov, Igor Anatolievich"]
[Black "Hursky, Karel P"]
[Result "1/2-1/2"]
[WhiteElo "2126"]
[BlackElo "2093"]
[PlyCount "63"]
[EventDate "2009.12.31"]
[EventType "tourn (corr)"]
[EventRounds "6"]
[EventCountry "GER"]
[SourceTitle "Corr 2013"]
[Source "ChessBase"]
[SourceDate "2012.11.12"]
[SourceVersion "1"]
[SourceVersionDate "2012.11.12"]
[SourceQuality "1"]

1. e4 c5 2. c3 d5 3. exd5 Qxd5 4. d4 Nf6 5. Nf3 Bg4 6. Be2 e6 7. h3 Bh5 8. 0-0 Nc6 9. Be3 cxd4 10. Nxd4 Bxe2 11. Qxe2 Nxd4 12. Bxd4 Be7 13. Rd1 Qc6 14. Nd2 0-0 15. Nf3 Rfd8 16. c4 Qe4 17. Kf1 Qc6 18. b3 a6 19. Ne5 Qc7 20. Rd2 Bc5 21. Bxc5 Qxc5 22. Rad1 Qc7 23. g3 h6 24. Kg2 Rxd2 25. Rxd2 b5 26. Qe3 Rc8 27. Qd4 bxc4 28. bxc4 Ne8 29. h4 h5 30. f3 a5 31. Kh2 a4 32. Kh3 1/2-1/2

[Event "LSS RA-2009-0-00078"]
[Site "LSS email"]
[Date "2010.01.31"]
[Round "?"]
[White "Hursky, Karel P"]
[Black "Slamenik, Jan"]
[Result "1/2-1/2"]
[WhiteElo "2093"]
[BlackElo "2133"]
[PlyCount "43"]
[EventDate "2009.12.31"]
[EventType "tourn (corr)"]
[EventRounds "6"]
[EventCountry "GER"]
[SourceTitle "Corr 2013"]
[Source "ChessBase"]
[SourceDate "2012.11.12"]
[SourceVersion "1"]
[SourceVersionDate "2012.11.12"]
[SourceQuality "1"]

1. e4 e5 2. Nf3 Nc6 3. d4 exd4 4. Nxd4 Bc5 5. Be3 Qf6 6. c3 Nge7 7. Bc4 Ne5 8. Be2 Qg6 9. 0-0 d6 10. f4 Qxe4 11. Bf2 Bxd4 12. cxd4 N5g6 13. Nc3 Qxf4 14. Nb5 0-0 15. Nxc7 Rb8 16. d5 b6 17. Rc1 Nf5 18. Rc3 Qg5 19. Bd3 Ne3 20. Bxe3 Qxe3+ 21. Rf2 Qe5 22. Bxg6 1/2-1/2

[Event "LSS OP-2009-0-01018"]
[Site "LSS email"]
[Date "2009.12.10"]
[Round "?"]
[White "Korostenski, Frank"]
[Black "Hursky, Karel P"]
[Result "1/2-1/2"]
[WhiteElo "1782"]
[BlackElo "2093"]
[PlyCount "36"]
[EventDate "2009.12.04"]
[EventType "tourn (corr)"]
[EventRounds "4"]
[EventCountry "GER"]
[SourceTitle "Telechess CBM 137"]
[Source "ChessBase"]
[SourceDate "2010.07.15"]
[SourceVersion "1"]
[SourceVersionDate "2010.07.15"]
[SourceQuality "1"]

1. Nc3 d5 2. e4 dxe4 3. Nxe4 Bf5 4. Ng3 Bg6 5. Nf3 Nf6 6. h4 Ne4 7. h5 Nxg3 8. hxg6 Nxh1 9. gxf7+ Kxf7 10. Ne5+ Ke8 11. Qh5+ g6 12. Nxg6 hxg6 13. Qxh8 Nxf2 14. Kxf2 Nc6 15. d3 e6 16. Be3 Nb4 17. Bd2 Qd6 18. Rc1 Rd8 1/2-1/2

[Event "LSS OP-2009-0-01018"]
[Site "LSS email"]
[Date "2009.12.10"]
[Round "?"]
[White "Wood, Brian B"]
[Black "Hursky, Karel P"]
[Result "0-1"]
[WhiteElo "576"]
[BlackElo "2093"]
[PlyCount "44"]
[EventDate "2009.12.04"]
[EventType "tourn (corr)"]
[EventRounds "4"]
[EventCountry "GER"]
[SourceTitle "Telechess CBM 137"]
[Source "ChessBase"]
[SourceDate "2010.07.15"]
[SourceVersion "1"]
[SourceVersionDate "2010.07.15"]
[SourceQuality "1"]

1. e4 c5 2. Nc3 Nc6 3. g3 g6 4. Bg2 Bg7 5. d3 d6 6. Bd2 e6 7. f4 Nge7 8. Nf3 0-0 9. 0-0 Rb8 10. Rb1 b5 11. a3 f5 12. exf5 gxf5 13. Re1 Nd4 14. Nxd4 cxd4 15. Ne2 Bb7 16. Bxb7 Rxb7 17. c3 dxc3 18. Bxc3 Qb6+ 19. d4 a5 20. b4 a4 21. Kf1 Nd5 22. Bb2 Ne3+ 0-1

[Event "Sydney op-A"]
[Site "Parramatta"]
[Date "2009.04.18"]
[Round "7"]
[White "Lester, George E"]
[Black "Hursky, Karel P"]
[Result "1-0"]
[WhiteElo "1801"]
[BlackElo "2084"]
[PlyCount "115"]
[EventDate "2009.04.15"]
[EventType "swiss"]
[EventRounds "9"]
[EventCountry "AUS"]
[SourceTitle "CBM 129 Extra"]
[Source "ChessBase"]
[SourceDate "2009.05.05"]
[SourceVersion "2"]
[SourceVersionDate "2009.05.20"]
[SourceQuality "1"]

1. d4 Nf6 2. c4 e6 3. Nc3 Bb4 4. e3 0-0 5. Nge2 d5 6. a3 Be7 7. cxd5 exd5 8. Ng3 Re8 9. Bd3 c5 10. 0-0 Nc6 11. dxc5 Bxc5 12. b4 Bb6 13. Na4 Bc7 14. Bb2 Be5 15. Bxe5 Nxe5 16. Nc5 g6 17. Bb5 Re7 18. Qd4 Qb6 19. a4 Bg4 20. f4 Ned7 21. f5 Ne5 22. h3 a6 23. Nce4 Nfd7 24. Bxd7 Qxd4 25. Nf6+ Kg7 26. exd4 Nxd7 27. Nxd7 Rxd7 28. hxg4 Rc8 29. Rac1 Rdc7 30. Ne2 gxf5 31. Rxc7 Rxc7 32. Rxf5 Rc4 33. a5 Rxb4 34. Rxd5 b6 35. axb6 Rxb6 36. Ra5 Rg6 37. g5 Kf8 38. Kf2 Ke7 39. Nf4 Rd6 40. Ke3 h6 41. gxh6 Rxh6 42. Nd5+ Kd7 43. Kf4 Rh4+ 44. g4 Rh6 45. Kf5 Rd6 46. g5 Kd8 47. Rc5 Kd7 48. Nf6+ Ke7 49. d5 Rb6 50. Rc7+ Kd6 51. Rxf7 Rb1 52. Ra7 Rf1+ 53. Kg6 a5 54. Kf7 Rf5 55. g6 Ke5 56. Re7+ Kd6 57. g7 Rg5 58. Ne4+ 1-0

[Event "North Sydney Ford Memorial"]
[Site "Sydney"]
[Date "2006.09.12"]
[Round "3"]
[White "Wettstein, Markus"]
[Black "Hursky, Karel P"]
[Result "1-0"]
[WhiteElo "2023"]
[BlackElo "1831"]
[PlyCount "89"]
[EventDate "2006.08.15"]
[EventType "swiss"]
[EventRounds "9"]
[EventCountry "AUS"]
[SourceTitle "EXT 2010"]
[Source "ChessBase"]
[SourceDate "2010.11.25"]
[SourceVersion "1"]
[SourceVersionDate "2010.11.25"]
[SourceQuality "1"]

1. c4 e5 2. Nc3 Nc6 3. g3 f5 4. Bg2 Nf6 5. e3 g6 6. Nge2 Bg7 7. 0-0 0-0 8. d4 e4 9. Nf4 b6 10. b3 a5 11. Bb2 Re8 12. a3 Ba6 13. Re1 g5 14. Nfd5 Nxd5 15. Nxd5 Ne7 16. Nxe7+ Rxe7 17. f3 d5 18. cxd5 Qxd5 19. fxe4 fxe4 20. a4 c5 21. Rb1 Rd8 22. Ba3 Red7 23. Bh3 Rd6 24. Qh5 Rh6 25. Qg4 Bc8 26. Qxc8 Rxc8 27. Bxc8 cxd4 28. Ba6 Qd7 29. Rbc1 Qh3 30. Rc8+ Kf7 31. Rf1+ Rf6 32. Rc7+ Kg6 33. Rxf6+ Bxf6 34. Bc8 Qh5 35. g4 Qxh2+ 36. Kxh2 Be5+ 37. Kg2 Bxc7 38. Bf5+ Kf6 39. Bb2 Ke5 40. Bxh7 Kd5 41. Bxd4 Bd8 42. Bg8+ Kc6 43. Bf7 Kd6 44. Kf2 Bc7 45. Bf6 1-0

[Event "Doeberl Cup Major 43rd"]
[Site "Canberra"]
[Date "2005.03.25"]
[Round "1"]
[White "Hursky, Karel P"]
[Black "Ramakrishna, Gogulapati"]
[Result "0-1"]
[WhiteElo "1987"]
[BlackElo "1662"]
[PlyCount "72"]
[EventDate "2005.03.25"]
[EventType "swiss"]
[EventRounds "7"]
[EventCountry "AUS"]
[SourceTitle "EXT 2009"]
[Source "ChessBase"]
[SourceDate "2008.11.26"]
[SourceVersion "1"]
[SourceVersionDate "2008.11.26"]
[SourceQuality "1"]

1. c4 e5 2. g3 f5 3. Bg2 Nf6 4. Nf3 d6 5. d4 e4 6. Nfd2 c6 7. Nc3 Be7 8. d5 0-0 9. f3 Qb6 10. fxe4 Ng4 11. e3 Nxe3 12. Qe2 Nc2+ 13. Kd1 Nxa1 14. Rf1 Qd4 15. exf5 Bxf5 16. Qxe7 Nc2 17. Qxf8+ Kxf8 18. Rxf5+ Ke7 19. Kxc2 Na6 20. Rf4 Qg1 21. Bf1 Rf8 22. Re4+ Kd8 23. Be2 Nb4+ 24. Kb1 Qxh2 25. a3 Na6 26. Nf3 Qxg3 27. Bg5+ Kc8 28. Bh4 Qg6 29. Bd3 Nc5 30. Bc2 Rxf3 31. Re2 Qh5 32. Be7 Rxc3 33. Rf2 Rf3 34. Rd2 Qh6 35. Re2 Rf1+ 36. Ka2 Qc1 0-1